[Event "OP-2011-0-01835"]
[Site "LSS email"]
[Date "2011.10.24"]
[Round "?"]
[White "Winter, Malcolm J"]
[Black "Egresi, Bela"]
[Result "0-1"]
[WhiteElo "1059"]
[BlackElo "1090"]
[PlyCount "84"]
[EventDate "2011.10.20"]
[EventType "tourn (corr)"]
[EventRounds "4"]
[EventCountry "GER"]
[SourceTitle "Telechess CBM 157"]
[Source "ChessBase"]
[SourceDate "2013.11.12"]
[SourceVersion "1"]
[SourceVersionDate "2013.11.12"]
[SourceQuality "1"]
[BlackTeam "IWEC Iceland"]

1. e4 c5 2. Nf3 d6 3. d4 cxd4 4. Nxd4 Nf6 5. Nc3 e6 6. Bd3 Be7 7. Bd2 0-0 8. Qe2 Nc6 9. Nb3 e5 10. 0-0-0 Be6 11. Bc4 a5 12. Bg5 Qc8 13. Bxf6 Bxf6 14. Rxd6 Bxc4 15. Qxc4 Nb4 16. Qxc8 Raxc8 17. Nxa5 Bg5+ 18. Kb1 Rfd8 19. Rhd1 Rxd6 20. Rxd6 h5 21. a3 Nc6 22. Nxb7 Nd4 23. Rd7 Bd2 24. Rd8+ Rxd8 25. Nxd8 Be1 26. f3 f5 27. exf5 Nxf5 28. Ne4 Ne3 29. g3 Nf1 30. h4 Nxg3 31. b4 Nxe4 32. fxe4 Bxh4 33. Nc6 Bf2 34. Nxe5 h4 35. Nf3 h3 36. b5 Bg1 37. a4 h2 38. Nxh2 Bxh2 39. a5 g5 40. b6 g4 41. a6 g3 42. b7 g2 0-1

[Event "RE-2011-0-00074"]
[Site "LSS email"]
[Date "2011.09.24"]
[Round "?"]
[White "Egresi, Bela"]
[Black "Eife, Gunter"]
[Result "1-0"]
[WhiteElo "1081"]
[BlackElo "1219"]
[PlyCount "33"]
[EventDate "2011.08.19"]
[EventType "tourn (corr)"]
[EventRounds "6"]
[EventCountry "GER"]
[SourceTitle "Corr 2015"]
[Source "ChessBase"]
[SourceDate "2015.07.17"]
[SourceVersion "1"]
[SourceVersionDate "2015.07.17"]
[SourceQuality "1"]

1. d4 d5 2. c4 e6 3. Nf3 Nf6 4. Nc3 Bb4 5. cxd5 exd5 6. Bg5 0-0 7. e3 h6 8. Bxf6 Qxf6 9. Qc2 Nc6 10. h3 Be6 11. Bd3 a6 12. 0-0 Bd6 13. Rad1 Nb4 14. Qe2 Nxd3 15. Qxd3 b5 16. e4 Qf4 17. e5 1-0

[Event "RE-2011-0-00071"]
[Site "LSS email"]
[Date "2011.08.23"]
[Round "?"]
[White "Egresi, Bela"]
[Black "Peetoom, Frank F"]
[Result "1/2-1/2"]
[WhiteElo "1081"]
[BlackElo "1208"]
[PlyCount "49"]
[EventDate "2011.07.06"]
[EventType "tourn (corr)"]
[EventRounds "6"]
[EventCountry "GER"]
[SourceTitle "Telechess CBM 149"]
[Source "ChessBase"]
[SourceDate "2012.07.17"]
[SourceVersion "1"]
[SourceVersionDate "2012.07.17"]
[SourceQuality "1"]

1. d4 Nf6 2. c4 g6 3. Nc3 Bg7 4. Nf3 d6 5. e4 0-0 6. Be2 Nc6 7. 0-0 e5 8. dxe5 Nxe5 9. Nxe5 dxe5 10. Bg5 Qxd1 11. Rfxd1 Be6 12. Nb5 Nxe4 13. Nxc7 Rac8 14. Nxe6 fxe6 15. Be3 b6 16. Rac1 Rf7 17. f3 Nf6 18. c5 Nd5 19. Bf2 Rfc7 20. Ba6 Rf8 21. cxb6 Rxc1 22. Rxc1 axb6 23. Bf1 b5 24. b3 b4 25. Bc4 1/2-1/2

[Event "RE-2011-0-00071"]
[Site "LSS email"]
[Date "2011.08.23"]
[Round "?"]
[White "Tittarelli, Adriano"]
[Black "Egresi, Bela"]
[Result "1/2-1/2"]
[WhiteElo "1180"]
[BlackElo "1081"]
[PlyCount "50"]
[EventDate "2011.07.06"]
[EventType "tourn (corr)"]
[EventRounds "6"]
[EventCountry "GER"]
[SourceTitle "Telechess CBM 149"]
[Source "ChessBase"]
[SourceDate "2012.07.17"]
[SourceVersion "1"]
[SourceVersionDate "2012.07.17"]
[SourceQuality "1"]

1. d4 d5 2. Bf4 e6 3. e3 Nf6 4. Nd2 c5 5. c3 Nc6 6. Bd3 cxd4 7. exd4 Bd6 8. Bxd6 Qxd6 9. Ngf3 0-0 10. h4 e5 11. dxe5 Nxe5 12. Bc2 Bg4 13. Kf1 Rac8 14. Rc1 Qa6+ 15. Kg1 Qxa2 16. Rb1 Qa5 17. Nb3 Qc7 18. Nbd4 a6 19. Bd3 Rfe8 20. Be2 Bxf3 21. Nxf3 Nxf3+ 22. Bxf3 Ne4 23. Qxd5 Rcd8 24. Qf5 Nf6 25. Rh3 Re5 1/2-1/2